El protestantismo comparado con el catolicismo en sus relaciones con la civilización europea /

Apología de las contribuciones del catolicismo a la civilización europea, enfocadas desde los aspectos religioso, social, político y literario y con una perspectiva comparativa respecto al protestantismo.

Kaydedildi:
Detaylı Bibliyografya
Yazar: Balmes, Jaime (autor)
Diğer Yazarlar: Menéndez Pelayo, Marcelino (semblanza) (semblanza)
Materyal Türü: Kitap
Dil:İspanyolca
Baskı/Yayın Bilgisi: Buenos Aires, Argentina Emecé, 1945, c1945
Seri Bilgileri:(Biblioteca de Filosofía e Historia)
Konular:
Etiketler: Etiketle
Etiket eklenmemiş, İlk siz ekleyin!

MARC

LEADER 00000nam^a2200000^a^4500
001 000380842
005 20250521000000.0
009 20260310120624.763
037 |a Acervo ITESO - Biblioteca 
041 |a ESP 
082 |a 196. 1  |b BAL OBR PRO 
100 |a Balmes, Jaime  |e (autor) 
240 1 4 |a [El protestantismo comparado con el catolicismo en sus relaciones con la civilización europea] 
245 1 3 |a El protestantismo comparado con el catolicismo en sus relaciones con la civilización europea /  |c J. Balmes ; semblanza de M. Menéndez Pelayo. 
264 4 |a Buenos Aires, Argentina  |b Emecé,  |c 1945, c1945 
300 |a 783 p. 
336 |a texto  |b txt  |2 rdacontenido 
337 |a sin mediación  |b n  |2 rdamedio 
338 |a volumen  |b nc  |2 rdasoporte 
440 1 |a (Biblioteca de Filosofía e Historia) 
520 |a Apología de las contribuciones del catolicismo a la civilización europea, enfocadas desde los aspectos religioso, social, político y literario y con una perspectiva comparativa respecto al protestantismo. 
545 0 |a Jaime Luciano Balmes (Vic, 1810 – Barcelona, 1848), filósofo, teólogo y sacerdote, considerado el pensador más importante de la España romántica. Estudió Teología, Derecho Civil y Canónico en la Universidad de Cervera, donde obtuvo su doctorado en 1835. Su inquietud por fundamentar una filosofía católica fue uno de los jalones de la renovación de la escolástica durante el siglo XIX, en tanto en sus participaciones en los debates político-religiosos de su entorno asumió la ideología del moderantismo, cuyo objetivo era alcanzar una solución de compromiso respecto a las disputas entonces imperantes por la sucesión dinástica en el trono español. Fundador de la revista La Civilización (1841-43) y el periódico El Pensamiento de la Nación (1843-46), donde puso de manifiesto esas ideas, publicó un volumen postrero de sus Escritos políticos (1848). Los títulos más sobresalientes de su producción filosófica y teológica son El protestantismo comparado con el catolicismo en sus relaciones con la civilización europea (1842-44) y Cartas a un escéptico en materia de religión (1846), trabajos de apologética y polémica; El criterio (1845), un código de lógica práctica, y los tratados comprensivos Curso de filosofía elemental, propuesto como un libro de texto para la enseñanza, y Filosofía fundamental (1846). 
649 |a XX 
650 |a Sociedad Civil -  |z Europa -  |x Historia 
650 |a Iglesia Católica en Europa -  |x Historia 
650 |a Resistencia Civil -  |z Europa 
650 |a Monarquía -  |z Europa -  |x Historia 
650 |a Democracia -  |z Europa -  |x Historia 
650 |a Poder Político -  |z Europa -  |x Historia 
650 |a Protestantismo -  |z Europa -  |x Historia -  |x Tema Principal 
650 |a Catolicismo -  |z Europa -  |x Historia -  |x Tema Principal 
650 |a Cristianismo -  |z Europa -  |x Historia 
650 |a Cristianismo y Política 
650 |a Filosofía del Siglo XIX 
650 |a Filosofía Española -  |x Tema Principal 
650 |a Teología Doctrinal 
650 |a Teología Social -  |x Tema Principal 
650 |a Política y Religión 
650 |a Religión -  |z Europa -  |x Historia 
650 |a Religión Comparada 
650 |a Europa -  |x Historia 
700 |a Menéndez Pelayo, Marcelino  |e (semblanza) 
910 |a Fondo Jesús Rodríguez 
920 |a Impresos - Libros 
930 |a Fondos Especiales 
905 |a 113 
901 |a 0500036243  |b IT2  |c ESP  |u 20250521 
902 |a https://opac.biblio.iteso.mx/vufind/Record/000380842